000 00538nam a2200169 i 4500
001 134716
003 ES-MaACL
005 20230906194730.0
007 t|
008 070913s1973 sp ||||1| spa d
100 1 _aWeinling, Heinz.
_9116367
245 1 0 _aTecnología práctica de la carne /
_cHeinz Weinling ; traducido por Jaime Esain Escobar.
260 _a[Zaragoza] :
_bAcribia,
_c[1973]
300 _aXI, 392 p., 3 h. pleg. :
_bil. ;
_c24 cm.
700 0 _aEsaín Escobar, Jaime.
_947449
852 _aES-MaACL
_jC-53813
_bR.86839
999 _c134716
_d134716